000 01109nam a22003137a 4500
003 CHAP
005 20220329134212.0
008 971013s1986 r 00010 d
010 _a16906
011 _a17878
035 _a21962
040 _cCHAP
090 _aFolleto 10521
110 _aJapón Quintero, José
_9175408
245 _aCultivo del cardo
260 _aMadrid :
_bMinsterio de Agricultura, Pesca y Alimentación,
_c1986
300 _a16 p.
_b: ilus
490 _aMinisterio de Agricultura, Pesca y Alimentación. España. Hojas divulgadoras
_v; 12/86
590 _aBATCH-UPD
_b10
_c20130110
_lUCH01
_h2249
590 _aBATCH-UPD
_b10
_c20130410
_lUCH01
_h1543
590 _aBATCH-UPD
_b10
_c20130914
_lUCH01
_h1138
590 _aCONVERSION
_b10
_c20130109
_lUCH01
_h1310
650 1 4 _aCynara cardunculus.
_930798
830 0 _aMinisterio de Agricultura, Pesca y Alimentación. España. Hojas divulgadoras
_v; 12/86
_975968
901 _aBK
942 _cFOLL
949 _aFolleto 10521
_bBC
_cFOLL
_d-51131
_eTS1
_i21962
_mD
_si
949 _aFolleto 10521
_bBC
_cFOLL
_d-51132
_eTS2
_fc.2
_i21962
_mD
_si
999 _c16906
_d16906